00570cam a2200193I 45000010008000000030004000080050017000120080041000290100016000700400018000860820017001041000027001212450012001482600061001603000017002214900077002385040026003156000035003412210355OSt20190103183102.0760604s1960 xx 000 0 eng  a60006805 /L aDLCcSLCdDAY a230.5bR953V1 aRushdoony, Rousas John10aVan Til aPhiladelphia,bPresbyterian and Reformed Pub. Co.,c1960 a51 p.c23 cm0 aInternational library of philosophy and theology. Modern thinkers series aIncludes bibliography10aVan Til, Cornelius,d1895-1987